| 000 | 00777cam a22002653a 4500 | ||
|---|---|---|---|
| 001 | 1169 | ||
| 003 | PGUSA | ||
| 005 | 20140828082957.0 | ||
| 008 | 980101s1998||||xxu|||||s|||||000 | eng d | ||
| 040 |
_aPGUSA _beng |
||
| 042 | _adc | ||
| 050 | 4 | _aPA | |
| 100 | 1 |
_aXenophon, _d-431--355 |
|
| 245 | 1 | 0 |
_aAgesilaus _h[electronic resource] / _cXenophon |
| 260 |
_bProject Gutenberg, _c1998 |
||
| 506 | _aPublic domain in the USA. | ||
| 516 | _aElectronic text | ||
| 653 | _aClassical literature | ||
| 653 | _aGreece -- History -- Spartan and Theban Supremacies, 404-362 B.C. | ||
| 653 | _aAgesilaus II, King of Sparta | ||
| 700 | 1 |
_aDakyns, Henry Graham, _d1838-1911 |
|
| 830 | 0 |
_aProject Gutenberg _v1169 |
|
| 856 | 4 | 0 | _uhttp://www.gutenberg.org/ebooks/1169 |
| 942 | _cEB | ||
| 999 |
_c230517 _d230517 |
||